| 000 | 00367pab a2200121 454500 | ||
|---|---|---|---|
| 008 | 180718b xxu||||| |||| 00| 0 eng d | ||
| 100 | _aStreet John | ||
| 245 | _aPolitical culture-from civic culture to mass culture: review article | ||
| 362 | _a24(1), Jan 1994, p.95-114 | ||
| 650 | _aPolitical Science | ||
| 773 | _aBritish Journal of Political Science | ||
| 909 | _a27518 | ||
| 999 |
_c27518 _d27518 |
||